| 000 | 00859cab a2200241 4500 | ||
|---|---|---|---|
| 001 | WB3402-15 | ||
| 008 | 090401t1998 xxu||||| |||| 00| 0 eng d | ||
| 035 | _a(Sirsi) u83081 | ||
| 041 | _aeng | ||
| 245 | _aGovernment housing figures | ||
| 260 | _c1998 | ||
| 350 | _a0 | ||
| 490 |
_aHousing Today _v(65) 8 January 1998, 1(1) |
||
| 520 | _aQuestions will be asked by the Environment Select Committee, as to whether the proposed 4.4m new homes estimated to be needed should be increased. The debate coincides with a report on housing in London "Sustainable Residential Quality: New Approaches to Urban Living." | ||
| 650 | _aENVIRONMENT SELECT COMMITTEE | ||
| 650 | _aHOUSEHOLD PROJECTIONS | ||
| 650 | _aHOUSING DEVELOPMENT | ||
| 650 | _aHOUSING NEEDS | ||
| 650 | _aLONDON | ||
| 690 | _aHOUSING-DEVELOPMENT | ||
| 942 | _n0 | ||
| 948 | _c13/01/1998 | ||
| 999 |
_c52482 _d52482 |
||